100 Most Populous Xinjiang Cities - Statistics

General Stats
  • This quiz has been taken 45 times
  • The average score is 9 of 100
Answer Stats
Rank Answer % Correct
1. Wūlŭmùqí
100%
9. Kāshí
87%
7. Ākèsū
53%
5. Hāmì
53%
12. Hétián
53%
18. Tŭlŭfān
53%
21. Ālètài
40%
3. Kèlāmăyī
40%
36. Bàichéng
27%
6. Chāngjí
27%
2. Kù'ĕrlè
27%
8. Shíhézi
27%
17. Tăchéng
27%
4. Yīníng
27%
14. Ālā'ĕr
20%
19. Bólè
20%
24. Wŭjiāqú
20%
20. Fùkāng
13%
22. Kāgélèkè
13%
15. Kùchē
13%
11. Kuítún
13%
13. Shāchē
13%
16. Túmùshūkè
13%
10. Wūsū
13%
26. Ātúshí
7%
85. Āwătí
7%
66. Bĕitún
7%
30. Émĭn
7%
47. Hăn'àirìkè
7%
43. Huò’ěrguǒsī
7%
51. Hūtúbì
7%
37. Mănàsī
7%
27. Năizé'ĕrbāgé
7%
25. Qítái
7%
28. Sāndàohézi
7%
29. Xiàmălèbāgé
7%
35. Xīnyuán
7%
32. Yà'ĕr
7%
82. Āhéyă
0%
71. Àilĭxīhú
0%
74. Ākètáo
0%
67. Ālāhāgé
0%
63. Āyīkùlè
0%
39. Bāchŭ
0%
31. Bāgéqí
0%
70. Bàishí'àirìkè
0%
65. Báishíkăntè
0%
87. Bārén
0%
90. Bāyàndài
0%
64. Bĕiquán
0%
72. Dádámùtú
0%
75. Gŭmùdì
0%
60. Hángguì
0%
41. Héjìng
0%
44. Héxià'āwătí
0%
96. Hóngqí
0%
81. Huāngdì
0%
69. Jílĭyúzī
0%
79. Jímùsà'ĕr
0%
59. Kā'ĕrsài
0%
23. Kālākāshí
0%
73. Kālātǎlēi
0%
62. Kèzīlèbóyī
0%
49. Kuíyá
0%
89. Liánmùqìn
0%
78. Lúcăogōu
0%
91. Lŭkèqìn
0%
48. Lúntái
0%
58. Màigàití
0%
92. Mĭxià
0%
94. Nílèkè
0%
80. Pŭqiàkèqí
0%
76. Qímăn
0%
40. Qīngshuĭhé
0%
45. Sèlìbùyà
0%
42. Shàng'ātúshí
0%
46. Shànshàn
0%
34. Shāyă
0%
61. Shūlè
0%
83. Tăgă'ĕrqí
0%
88. Tèkèsī
0%
86. Tuōkèzhākè
0%
54. Tuōyībăolèdí
0%
38. Tŭshālā
0%
52. Wēnsù
0%
57. Wòlĭtuōgélākè
0%
98. Wūdálìkè
0%
55. Wūlŭquèlè
0%
84. Wūpà'ĕr
0%
53. | 56. Wūqià
0%
95. Yáhā
0%
68. Yānqí
0%
99. Yīng'àirìkè
0%
100. Yīngjíshā
0%
50. Yīngmăilì
0%
77. Yīqí'àirìkè
0%
93. Yīxīhālā
0%
97. Zépŭ
0%
33. Zhāwă
0%
No matching quizzes found
Score Distribution
Percent of People with Each Score
Percentile by Number Answered
Your Score History
You have not taken this quiz